Mi libro de primero
Gespeichert in:
MARC
| LEADER | 00000cam a2200000 a 4500 | ||
|---|---|---|---|
| 003 | OSt | ||
| 005 | 20250508092035.0 | ||
| 008 | 051004n1986 mx f 000 0 spa d | ||
| 020 | |a 9682901308 | ||
| 040 | |a CINV |c CINV | ||
| 050 | 0 | 4 | |a LTG LB1561 |b M49 1º 1986 |
| 051 | 0 | 4 | |a LTG LB1561-M49 1º 1986 |
| 110 | 2 | |a México. |b Secretaría de Educación Pública. |9 24090 | |
| 245 | 0 | 0 | |a Mi libro de primero / |c ccoordinación Raúl Dávila. |
| 250 | |a 7a. Ed. | ||
| 260 | |a México : |b SEP, |b Comisión Nacional de los Libros de Texto Gratuitos, |c 1986. | ||
| 300 | |a v. : |b il. ; |c 26 cm. | ||
| 440 | |a Libro de texto gratuito. |9 21882 | ||
| 500 | |a "Libros de texto integrados" | ||
| 502 | |a Encuadernado con: Mi libro de primero Parte 1. En la contraportada dice: 3a ed. de 1984. En el colofón dice: 3a. reimp. de 1985. -- Mi libro de primero parte 2. En la contraportada dice: 3a. ed. de 1984. En el colofón dice: 6a.ed. de 1985 -- Libro para el maestro. En la contraportada dice: 1a. ed. de 1980. En el colofón dice: 7a. ed. de 1986. | ||
| 546 | |a México | ||
| 561 | |5 mx-CINVES |a México. DIE-Cinvestav (Ciudad de México) |k MANES | ||
| 690 | 0 | |a EyL |a MATE |a CS |a EF | |
| 690 | |a ECS | ||
| 691 | 0 | |a PRI | |
| 700 | 1 | |a Dávila, Raúl. |e coord. |9 35654 | |
| 710 | 2 | |a Comisión Nacional de Libros de Texto Gratuitos. (México) |9 24074 | |
| 740 | |a Libro para el maestro : |a Mi libro de primero : parte 1. |a Mi libro de primero : parte 2. | ||
| 856 | 4 | 6 | |u https://historico.conaliteg.gob.mx/content/restricted/libros/carrusel.jsf?idLibro=98 |y CONALITEG |u https://historico.conaliteg.gob.mx/content/restricted/libros/carrusel.jsf?idLibro=97 |
| 910 | |a E-19930 |a E-19932(ej.2) |a E-19946(ej.3) |a E-19948(ej.4) |a E-19914(ej.5) |a E-19916(ej.6) |a E-19964(ej.7) |a E-19962(ej.8) | ||
| 911 | |a E-19930 | ||
| 942 | |2 ddc |c BK | ||
| 999 | |c 54864 |d 54864 | ||
| 999 | |c manes:54864 |d 54864 | ||